Score 0/298 Timer 10:00
1 Play Today
Lyrics % Correct
he
96.3%
I
93.8%
I
93.8%
I
93.8%
I
93.8%
I,
93.8%
I
93.8%
I
93.8%
I
93.8%
I
93.8%
I
93.8%
I
93.8%
I
93.8%
I
93.8%
I,
93.8%
I
93.8%
I
93.8%
a
92.5%
a
92.5%
a
92.5%
a
92.5%
a
92.5%
a
92.5%
the
88.8%
the
88.8%
the
88.8%
the
88.8%
the
88.8%
the
88.8%
the
88.8%
the
88.8%
the
88.8%
the
88.8%
the
88.8%
You,
87.5%
you
87.5%
ya
87.5%
ya)
87.5%
you
87.5%
you
87.5%
you
87.5%
you
87.5%
You,
87.5%
you
87.5%
you
87.5%
all
86.3%
no
86.3%
All
86.3%
No
86.3%
don't
85%
Don't
85%
don't
85%
to
83.8%
to
83.8%
b*****s
83.8%
to
83.8%
to
83.8%
to
83.8%
to
83.8%
to
83.8%
go
82.5%
of
82.5%
of
82.5%
down,
82.5%
down
82.5%
down
82.5%
down,
82.5%
down
82.5%
down
82.5%
of
82.5%
go
82.5%
an
82.5%
In
81.3%
and
81.3%
and
81.3%
I'm
81.3%
and
81.3%
I'm
81.3%
And
81.3%
I'm
81.3%
And
81.3%
I'm
81.3%
Get
81.3%
Get
81.3%
Get
81.3%
Get
81.3%
Get
81.3%
Get
81.3%
I'm
81.3%
get
81.3%
in
81.3%
I'm
81.3%
get
81.3%
in
81.3%
I'm
81.3%
And
81.3%
On
80%
me
80%
on
80%
my
80%
Lyrics % Correct
on
80%
on
80%
my
80%
me
80%
my
80%
my
80%
my
80%
me
80%
queen
80%
queen
80%
my
80%
my
80%
my
80%
my
80%
on
80%
on
80%
me
80%
my
80%
me
80%
it
78.8%
So
78.8%
it
78.8%
castle
78.8%
castle
78.8%
So
78.8%
so
78.8%
So
78.8%
it
78.8%
that
77.5%
that
77.5%
dirty
77.5%
dirty
77.5%
that
77.5%
that
77.5%
own
76.3%
for
76.3%
own
76.3%
for
76.3%
didn't
76.3%
look
76.3%
for
76.3%
rascal
76.3%
rascal
76.3%
look
76.3%
didn't
76.3%
look
76.3%
for
76.3%
up
75%
With
75%
Can't
75%
stop
75%
wanna
75%
'cause
75%
with
75%
'Cause
75%
'Cause
75%
up
75%
can't
75%
stop
75%
'cause
75%
'Cause
75%
up
75%
with
75%
'Cause
75%
'Cause
75%
up
75%
can't
75%
stop
75%
palace
73.8%
got
73.8%
like
73.8%
profile
73.8%
picture
73.8%
gonna
73.8%
got
73.8%
like
73.8%
profile
73.8%
picture
73.8%
gonna
73.8%
here
72.5%
Keep
72.5%
tricked
72.5%
(tricked
72.5%
Too,
72.5%
too
72.5%
everyone
72.5%
see
72.5%
way
72.5%
tricked
72.5%
Too,
72.5%
too
72.5%
everyone
72.5%
see
72.5%
alone
71.3%
throne
71.3%
happen
71.3%
some
71.3%
bone
71.3%
hunting
71.3%
bad
71.3%
Lyrics % Correct
agree
71.3%
When
71.3%
court
71.3%
Some
71.3%
bad
71.3%
agree
71.3%
hang
70%
as
70%
As
70%
were
70%
hang
70%
Bring
68.8%
make
68.8%
I've
68.8%
Release
68.8%
said
68.8%
make
68.8%
said
68.8%
Sittin'
67.5%
Not
67.5%
not
67.5%
Where
67.5%
bored
67.5%
gold
66.3%
hounds
66.3%
flirt
66.3%
acres
65%
acres
65%
at?
65%
(Woof)
65%
pheasant
63.8%
any
63.8%
Pull
63.8%
carriage
63.8%
have
63.8%
ya
63.8%
dress
62.5%
trim
62.5%
riches
62.5%
goblet
61.3%
spill
61.3%
lace
61.3%
eyes
61.3%
than
61.3%
Fill
60%
brim
60%
prim
60%
proper
60%
fake
60%
I'll
60%
little
60%
very
58.8%
takers
58.8%
Paid
58.8%
takes
58.8%
fur
58.8%
them
58.8%
marriage
57.5%
footman
56.3%
dance
56.3%
Dance
56.3%
round
55%
player
55%
floor
55%
jam
55%
Das
55%
more
55%
rad
55%
let's
55%
mead
53.8%
Everyday
53.8%
tomorrow,
53.8%
hit
53.8%
outside
53.8%
ignore
53.8%
comes
53.8%
lute
53.8%
Lutheranism
53.8%
reformation
53.8%
replay
52.5%
Making
52.5%
Lookin'
52.5%
cute
52.5%
criticism
52.5%
ladies,
51.3%
Sippin'
50%
Okay
48.8%
Head
47.5%
croquet,
47.5%
boys
47.5%
advance
47.5%
sensation
47.5%
back
45%
hard
45%
causin'
43.8%
gut
41.3%
yeah
40%
ist
35%
Remove Ads.
Support Sporcle.
Get the best of Sporcle when you Go Orange. This ad-free experience offers more features, more stats, and more fun while also helping to support Sporcle. Thank you for becoming a member.

You're not logged in!

Compare scores with friends on all Sporcle quizzes.
OR
Log In

Sporcle TV

Today on Sporcle TV


Watch our educational content, quiz creation guides, and fun videos on Sporcle TV.

Show Comments

Extras

Top Quizzes Today


Score Distribution

Paid Content

Your Account Isn't Verified!

In order to create a playlist on Sporcle, you need to verify the email address you used during registration. Go to your Sporcle Settings to finish the process.

Report this User

Report this user for behavior that violates our Community Guidelines.

Details: